[Event "Blitz 2018"]
[Site "Saint-Petersburg"]
[Date "2018.12.30"]
[Round "14"]
[Board "70"]
[White "Postny Evgeny (ISR)"]
[Black "Sanal Vahap (TUR)"]
[Result "0-1"]
[LiveChessVersion "1.4.8"]
[BlackElo "2488"]
[WhiteElo "2657"]

1. d4 {[%clk 0:03:03]} Nf6 {[%clk 0:03:03]} 2. c4 {[%clk 0:03:03]} e6
{[%clk 0:03:02]} 3. Nf3 {[%clk 0:03:04]} d5 {[%clk 0:03:03]} 4. g3
{[%clk 0:03:04]} Be7 {[%clk 0:03:03]} 5. Bg2 {[%clk 0:03:04]} O-O
{[%clk 0:03:02]} 6. Qc2 {[%clk 0:03:05]} c6 {[%clk 0:03:02]} 7. O-O
{[%clk 0:03:04]} b6 {[%clk 0:03:03]} 8. b3 {[%clk 0:03:04]} Bb7 {[%clk 0:03:01]}
9. Nc3 {[%clk 0:03:04]} Nbd7 {[%clk 0:02:57]} 10. Rd1 {[%clk 0:03:02]} Rc8
{[%clk 0:02:54]} 11. e4 {[%clk 0:03:02]} dxe4 {[%clk 0:02:49]} 12. Ng5
{[%clk 0:02:55]} h6 {[%clk 0:02:43]} 13. Ngxe4 {[%clk 0:02:55]} Nxe4
{[%clk 0:02:42]} 14. Nxe4 {[%clk 0:02:52]} Nf6 {[%clk 0:02:43]} 15. c5
{[%clk 0:02:45]} Nd5 {[%clk 0:02:39]} 16. Bb2 {[%clk 0:02:27]} Qd7
{[%clk 0:02:01]} 17. Rac1 {[%clk 0:02:21]} Rfd8 {[%clk 0:01:55]} 18. Qe2
{[%clk 0:02:21]} Qc7 {[%clk 0:01:38]} 19. a3 {[%clk 0:02:10]} b5 {[%clk 0:01:16]}
20. h4 {[%clk 0:01:59]} a5 {[%clk 0:01:16]} 21. Nd2 {[%clk 0:01:50]} Bf6
{[%clk 0:01:07]} 22. Nf3 {[%clk 0:01:48]} Ba6 {[%clk 0:01:05]} 23. Qe4
{[%clk 0:01:32]} b4 {[%clk 0:01:01]} 24. a4 {[%clk 0:01:33]} Rb8 {[%clk 0:00:59]}
25. Re1 {[%clk 0:01:16]} Nc3 {[%clk 0:00:51]} 26. Qe3 {[%clk 0:01:01]} Nd5
{[%clk 0:00:44]} 27. Qd2 {[%clk 0:01:00]} Ne7 {[%clk 0:00:42]} 28. g4
{[%clk 0:00:52]} Ng6 {[%clk 0:00:39]} 29. g5 {[%clk 0:00:51]} hxg5
{[%clk 0:00:40]} 30. hxg5 {[%clk 0:00:52]} Be7 {[%clk 0:00:41]} 31. Re4
{[%clk 0:00:50]} Rd5 {[%clk 0:00:42]} 32. Qe3 {[%clk 0:00:49]} Rbd8
{[%clk 0:00:43]} 33. Bh3 {[%clk 0:00:43]} R8d7 {[%clk 0:00:44]} 34. Kg2
{[%clk 0:00:41]} Qd8 {[%clk 0:00:45]} 35. Rh1 {[%clk 0:00:41]} Bxg5
{[%clk 0:00:45]} 36. Nxg5 {[%clk 0:00:31]} Rxg5+ {[%clk 0:00:46]} 37. Rg4
{[%clk 0:00:26]} Rdd5 {[%clk 0:00:42]} 38. Bc1 {[%clk 0:00:18]} Rh5
{[%clk 0:00:38]} 39. Rxg6 {[%clk 0:00:16]} fxg6 {[%clk 0:00:37]} 40. Bxe6+
{[%clk 0:00:16]} Kh7 {[%clk 0:00:38]} 41. Rxh5+ {[%clk 0:00:11]} Rxh5
{[%clk 0:00:38]} 42. d5 {[%clk 0:00:07]} Qh4 {[%clk 0:00:37]} 43. Bh3
{[%clk 0:00:08]} cxd5 {[%clk 0:00:34]} 44. Qe8 {[%clk 0:00:05]} Qxh3+
{[%clk 0:00:34]} 0-1

[Event "Blitz 2018"]
[Site "Saint-Petersburg"]
[Date "2018.12.30"]
[Round "14"]
[Board "71"]
[White "Antipov Mikhail Al. (RUS)"]
[Black "Steinberg Nitzan (ISR)"]
[Result "1-0"]
[LiveChessVersion "1.4.8"]
[BlackElo "2447"]
[WhiteElo "2604"]

1. e4 {[%clk 0:03:03]} c5 {[%clk 0:03:03]} 2. Nf3 {[%clk 0:03:04]} d6
{[%clk 0:03:03]} 3. Bb5+ {[%clk 0:03:05]} Nd7 {[%clk 0:02:59]} 4. Ba4
{[%clk 0:03:06]} Ngf6 {[%clk 0:02:53]} 5. O-O {[%clk 0:03:06]} e6
{[%clk 0:02:53]} 6. Re1 {[%clk 0:02:59]} Be7 {[%clk 0:02:51]} 7. c3
{[%clk 0:03:00]} a6 {[%clk 0:02:49]} 8. d4 {[%clk 0:03:00]} b5 {[%clk 0:02:49]}
9. Bc2 {[%clk 0:03:00]} Bb7 {[%clk 0:02:47]} 10. Nbd2 {[%clk 0:02:50]} Rc8
{[%clk 0:02:27]} 11. e5 {[%clk 0:02:44]} dxe5 {[%clk 0:02:28]} 12. dxe5
{[%clk 0:02:44]} Nd5 {[%clk 0:02:29]} 13. Ne4 {[%clk 0:02:41]} h6
{[%clk 0:02:30]} 14. Qe2 {[%clk 0:02:08]} Qc7 {[%clk 0:02:18]} 15. Ng3
{[%clk 0:02:08]} c4 {[%clk 0:02:15]} 16. Bd2 {[%clk 0:01:45]} Nc5
{[%clk 0:01:58]} 17. Rad1 {[%clk 0:01:45]} g6 {[%clk 0:01:47]} 18. Bc1
{[%clk 0:01:37]} Rd8 {[%clk 0:01:46]} 19. Rd4 {[%clk 0:01:14]} a5
{[%clk 0:01:26]} 20. Red1 {[%clk 0:01:05]} Rd7 {[%clk 0:01:07]} 21. h4
{[%clk 0:01:03]} Ba6 {[%clk 0:01:01]} 22. h5 {[%clk 0:01:03]} g5 {[%clk 0:01:03]}
23. Nf5 {[%clk 0:00:41]} Bb7 {[%clk 0:00:39]} 24. Nxe7 {[%clk 0:00:36]} Rxe7
{[%clk 0:00:36]} 25. Nh2 {[%clk 0:00:36]} Rd7 {[%clk 0:00:23]} 26. Ng4
{[%clk 0:00:36]} Kf8 {[%clk 0:00:16]} 27. Qd2 {[%clk 0:00:17]} Qc6
{[%clk 0:00:07]} 28. f3 {[%clk 0:00:16]} b4 {[%clk 0:00:05]} 29. Nf6
{[%clk 0:00:08]} Nxf6 {[%clk 0:00:05]} 30. exf6 {[%clk 0:00:08]} Rd5
{[%clk 0:00:03]} 31. cxb4 {[%clk 0:00:05]} axb4 {[%clk 0:00:04]} 32. Qxb4 Kg8
{[%clk 0:00:03]} 33. Qxc4 {[%clk 0:00:04]} Ba6 {[%clk 0:00:03]} 34. Qc3
{[%clk 0:00:03]} Qb6 {[%clk 0:00:04]} 35. Kh1 {[%clk 0:00:04]} g4
{[%clk 0:00:05]} 36. Rxg4+ Kf8 37. Rxd5 {[%clk 0:00:05]} exd5 {[%clk 0:00:08]}
38. Be3 {[%clk 0:00:06]} Qb5 {[%clk 0:00:04]} 39. Bxc5+ Ke8 40. Ba4
{[%clk 0:00:06]} 1-0

[Event "Blitz 2018"]
[Site "Saint-Petersburg"]
[Date "2018.12.30"]
[Round "14"]
[Board "72"]
[White "Belyakov Bogdan (RUS)"]
[Black "Tomashevsky Evgeny (RUS)"]
[Result "0-1"]
[LiveChessVersion "1.4.8"]
[BlackElo "2602"]
[WhiteElo "2448"]

1. e4 {[%clk 0:03:03]} c6 {[%clk 0:03:03]} 2. d4 {[%clk 0:03:04]} d5
{[%clk 0:03:04]} 3. Nc3 {[%clk 0:03:05]} dxe4 {[%clk 0:03:05]} 4. Nxe4
{[%clk 0:03:06]} Nf6 {[%clk 0:03:06]} 5. Nxf6+ {[%clk 0:03:04]} exf6
{[%clk 0:03:06]} 6. c3 {[%clk 0:03:02]} Bd6 {[%clk 0:03:06]} 7. Be3
{[%clk 0:03:01]} O-O {[%clk 0:02:54]} 8. Bd3 {[%clk 0:03:02]} Nd7
{[%clk 0:02:43]} 9. Qc2 {[%clk 0:03:02]} h5 {[%clk 0:02:39]} 10. Ne2
{[%clk 0:02:59]} Re8 {[%clk 0:02:30]} 11. Ng3 {[%clk 0:02:47]} Qa5
{[%clk 0:01:55]} 12. b4 {[%clk 0:02:29]} Qd5 {[%clk 0:01:43]} 13. Be4
{[%clk 0:02:26]} Qc4 {[%clk 0:01:37]} 14. Nxh5 {[%clk 0:02:19]} Rxe4
{[%clk 0:01:17]} 15. Qxe4 {[%clk 0:02:18]} Qxc3+ {[%clk 0:01:16]} 16. Ke2
{[%clk 0:02:18]} Nb6 {[%clk 0:01:12]} 17. Rhc1 {[%clk 0:01:48]} Qb2+
{[%clk 0:01:06]} 18. Kf3 {[%clk 0:01:49]} Be6 {[%clk 0:01:03]} 19. Nf4
{[%clk 0:01:44]} Bxf4 {[%clk 0:00:58]} 20. Qxf4 {[%clk 0:01:43]} Nd5
{[%clk 0:00:49]} 21. Qe4 {[%clk 0:00:50]} Re8 {[%clk 0:00:46]} 22. Kg3
{[%clk 0:00:44]} Qxb4 {[%clk 0:00:43]} 23. Rc5 {[%clk 0:00:39]} b6
{[%clk 0:00:33]} 24. Rxc6 {[%clk 0:00:38]} Nxe3 {[%clk 0:00:34]} 25. Qxe3
{[%clk 0:00:32]} Bd7 {[%clk 0:00:24]} 26. Qc3 {[%clk 0:00:33]} Qb5 0-1

[Event "Blitz 2018"]
[Site "Saint-Petersburg"]
[Date "2018.12.30"]
[Round "14"]
[Board "73"]
[White "Borisenko Viacheslav (UKR)"]
[Black "Pantsulaia Levan (GEO)"]
[Result "0-1"]
[LiveChessVersion "1.4.8"]
[BlackElo "2584"]
[WhiteElo "2444"]

1. e4 {[%clk 0:03:03]} c6 {[%clk 0:03:03]} 2. Nc3 {[%clk 0:03:04]} d5
{[%clk 0:03:04]} 3. Qf3 {[%clk 0:03:05]} e6 {[%clk 0:02:54]} 4. d4
{[%clk 0:02:52]} dxe4 {[%clk 0:02:44]} 5. Qxe4 {[%clk 0:02:52]} Nf6
{[%clk 0:02:45]} 6. Qd3 {[%clk 0:02:53]} Na6 {[%clk 0:02:32]} 7. a3
{[%clk 0:02:50]} c5 {[%clk 0:02:32]} 8. Qb5+ {[%clk 0:02:38]} Qd7
{[%clk 0:01:55]} 9. Qxd7+ {[%clk 0:02:21]} Bxd7 {[%clk 0:01:56]} 10. Bxa6
{[%clk 0:02:16]} bxa6 {[%clk 0:01:57]} 11. Nge2 {[%clk 0:02:08]} Bc6
{[%clk 0:01:46]} 12. O-O {[%clk 0:02:07]} O-O-O {[%clk 0:01:44]} 13. dxc5
{[%clk 0:01:42]} Bxc5 {[%clk 0:01:44]} 14. Bf4 {[%clk 0:01:42]} Nh5
{[%clk 0:01:32]} 15. Rfd1 {[%clk 0:01:17]} Nxf4 {[%clk 0:01:26]} 16. Nxf4
{[%clk 0:01:17]} Bd6 {[%clk 0:01:02]} 17. Nfe2 {[%clk 0:01:13]} Be5
{[%clk 0:01:00]} 18. f3 {[%clk 0:01:01]} g5 {[%clk 0:01:00]} 19. Rxd8+
{[%clk 0:00:46]} Rxd8 {[%clk 0:01:00]} 20. Rd1 {[%clk 0:00:47]} Rg8
{[%clk 0:00:59]} 21. h3 {[%clk 0:00:47]} h5 {[%clk 0:01:00]} 22. Nd4
{[%clk 0:00:32]} Bb7 {[%clk 0:00:58]} 23. Nde2 {[%clk 0:00:13]} g4
{[%clk 0:00:58]} 24. hxg4 {[%clk 0:00:12]} hxg4 {[%clk 0:00:59]} 25. Kf2
{[%clk 0:00:04]} f5 {[%clk 0:00:42]} 26. Re1 {[%clk 0:00:05]} Bc7
{[%clk 0:00:39]} 27. Nd4 {[%clk 0:00:03]} Bb6 {[%clk 0:00:38]} 28. Nce2
{[%clk 0:00:04]} e5 {[%clk 0:00:38]} 29. c3 {[%clk 0:00:05]} gxf3
{[%clk 0:00:29]} 30. gxf3 exd4 {[%clk 0:00:21]} 31. Nxd4 {[%clk 0:00:07]} Rd8
{[%clk 0:00:22]} 32. Rd1 {[%clk 0:00:06]} f4 {[%clk 0:00:19]} 33. Rd3
{[%clk 0:00:04]} 0-1

[Event "Blitz 2018"]
[Site "Saint-Petersburg"]
[Date "2018.12.30"]
[Round "14"]
[Board "74"]
[White "Chen Qi B (CHN)"]
[Black "Gasanov Eldar (UKR)"]
[Result "0-1"]
[LiveChessVersion "1.4.8"]
[BlackElo "2581"]
[WhiteElo "2416"]

1. e4 {[%clk 0:03:03]} e5 {[%clk 0:03:02]} 2. Nf3 {[%clk 0:03:04]} Nc6
{[%clk 0:03:02]} 3. Bb5 {[%clk 0:03:04]} a6 {[%clk 0:03:03]} 4. Ba4
{[%clk 0:03:05]} g6 {[%clk 0:03:02]} 5. c3 {[%clk 0:03:02]} d6 {[%clk 0:03:01]}
6. d4 {[%clk 0:03:00]} Bd7 {[%clk 0:03:01]} 7. O-O {[%clk 0:02:58]} Bg7
{[%clk 0:03:01]} 8. Bg5 {[%clk 0:02:47]} f6 {[%clk 0:03:00]} 9. Be3
{[%clk 0:02:47]} Nh6 {[%clk 0:02:59]} 10. h3 {[%clk 0:02:38]} Nf7
{[%clk 0:02:58]} 11. dxe5 {[%clk 0:02:23]} dxe5 {[%clk 0:02:53]} 12. Bc5
{[%clk 0:02:13]} Bf8 {[%clk 0:02:50]} 13. Bxf8 {[%clk 0:02:06]} Kxf8
{[%clk 0:02:51]} 14. Nbd2 {[%clk 0:02:00]} Kg7 {[%clk 0:02:37]} 15. Qe2
{[%clk 0:01:56]} Qe7 {[%clk 0:02:24]} 16. Rfd1 {[%clk 0:01:53]} Rhd8
{[%clk 0:02:20]} 17. Nf1 {[%clk 0:01:51]} Nd6 {[%clk 0:02:13]} 18. Ng3
{[%clk 0:01:44]} b5 {[%clk 0:02:08]} 19. Bb3 {[%clk 0:01:44]} Na5
{[%clk 0:02:04]} 20. Nh2 {[%clk 0:01:11]} Nxb3 {[%clk 0:02:00]} 21. axb3
{[%clk 0:01:12]} a5 {[%clk 0:02:00]} 22. Ra3 {[%clk 0:00:54]} Nb7
{[%clk 0:01:27]} 23. Nhf1 {[%clk 0:00:49]} c6 {[%clk 0:01:19]} 24. Ne3
{[%clk 0:00:48]} Be6 {[%clk 0:01:15]} 25. Rda1 {[%clk 0:00:40]} Qf7
{[%clk 0:01:00]} 26. b4 {[%clk 0:00:38]} a4 {[%clk 0:01:01]} 27. Re1
{[%clk 0:00:35]} Rd7 {[%clk 0:00:56]} 28. Raa1 {[%clk 0:00:32]} Rad8
{[%clk 0:00:57]} 29. Rad1 {[%clk 0:00:31]} Bb3 {[%clk 0:00:58]} 30. Rxd7
{[%clk 0:00:29]} Qxd7 {[%clk 0:00:59]} 31. Ngf1 {[%clk 0:00:30]} Qd3
{[%clk 0:00:43]} 32. Qf3 {[%clk 0:00:24]} Nd6 {[%clk 0:00:38]} 33. Ng3
{[%clk 0:00:23]} Nf7 {[%clk 0:00:35]} 34. h4 {[%clk 0:00:19]} h5 {[%clk 0:00:27]}
35. Nxh5+ {[%clk 0:00:14]} gxh5 {[%clk 0:00:27]} 36. Qxh5 {[%clk 0:00:14]} Nh6
{[%clk 0:00:23]} 37. Nf5+ {[%clk 0:00:11]} Nxf5 {[%clk 0:00:25]} 38. exf5
{[%clk 0:00:12]} Bf7 {[%clk 0:00:25]} 39. Qg4+ {[%clk 0:00:12]} Kh7
{[%clk 0:00:24]} 40. Kh2 {[%clk 0:00:06]} Rg8 {[%clk 0:00:23]} 41. Qd1
{[%clk 0:00:07]} Qxf5 {[%clk 0:00:18]} 42. Re3 {[%clk 0:00:07]} Qxf2
{[%clk 0:00:15]} 43. Qd3+ {[%clk 0:00:08]} Bg6 {[%clk 0:00:15]} 44. Qd7+
{[%clk 0:00:09]} Rg7 {[%clk 0:00:16]} 0-1

[Event "Blitz 2018"]
[Site "Saint-Petersburg"]
[Date "2018.12.30"]
[Round "14"]
[Board "75"]
[White "Baron Tal (ISR)"]
[Black "Gareyev Timur (USA)"]
[Result "0-1"]
[LiveChessVersion "1.4.8"]
[BlackElo "2577"]
[WhiteElo "2421"]

1. d4 {[%clk 0:03:03]} d5 {[%clk 0:03:01]} 2. c4 {[%clk 0:03:05]} e6
{[%clk 0:03:02]} 3. Nc3 {[%clk 0:03:06]} c5 {[%clk 0:03:03]} 4. cxd5
{[%clk 0:03:07]} cxd4 {[%clk 0:03:03]} 5. Qa4+ {[%clk 0:03:07]} Bd7
{[%clk 0:03:04]} 6. Qxd4 {[%clk 0:03:07]} exd5 {[%clk 0:03:05]} 7. Qxd5
{[%clk 0:03:00]} Nc6 {[%clk 0:03:06]} 8. Nf3 {[%clk 0:02:55]} Nf6
{[%clk 0:03:07]} 9. Qd1 {[%clk 0:02:53]} Bc5 {[%clk 0:03:08]} 10. Bg5
{[%clk 0:02:43]} Qb6 {[%clk 0:03:04]} 11. e3 {[%clk 0:02:19]} Qxb2
{[%clk 0:03:04]} 12. Bxf6 {[%clk 0:02:05]} gxf6 {[%clk 0:03:03]} 13. Ne4
{[%clk 0:01:54]} Bb4+ {[%clk 0:03:01]} 14. Ned2 {[%clk 0:01:39]} Bg4
{[%clk 0:02:48]} 15. Qc1 {[%clk 0:01:37]} Qxc1+ {[%clk 0:02:37]} 16. Rxc1
{[%clk 0:01:36]} Bxf3 {[%clk 0:02:34]} 17. gxf3 {[%clk 0:01:36]} O-O-O
{[%clk 0:02:32]} 0-1

[Event "Blitz 2018"]
[Site "Saint-Petersburg"]
[Date "2018.12.30"]
[Round "14"]
[Board "76"]
[White "Huzman Alexander (ISR)"]
[Black "Shinkevich Vitaly (RUS)"]
[Result "1-0"]
[LiveChessVersion "1.4.8"]
[BlackElo "2445"]
[WhiteElo "2543"]

1. d4 {[%clk 0:03:03]} Nf6 {[%clk 0:03:03]} 2. Nf3 {[%clk 0:03:04]} c5
{[%clk 0:03:04]} 3. d5 {[%clk 0:03:05]} b5 {[%clk 0:03:06]} 4. Bg5
{[%clk 0:03:04]} Qb6 {[%clk 0:03:07]} 5. Bxf6 {[%clk 0:03:00]} Qxf6 6. c3 g6
{[%clk 0:03:02]} 7. e4 {[%clk 0:03:03]} Qb6 {[%clk 0:03:01]} 8. Nbd2
{[%clk 0:03:01]} Bg7 {[%clk 0:02:54]} 9. a4 {[%clk 0:02:54]} b4 {[%clk 0:02:54]}
10. a5 {[%clk 0:02:53]} Qb7 {[%clk 0:02:53]} 11. Qc2 {[%clk 0:02:51]} d6
{[%clk 0:02:48]} 12. h3 {[%clk 0:02:45]} O-O {[%clk 0:02:48]} 13. Bc4
{[%clk 0:02:41]} Nd7 {[%clk 0:02:41]} 14. O-O {[%clk 0:02:41]} Rb8
{[%clk 0:02:37]} 15. Rfe1 {[%clk 0:02:38]} Ne5 {[%clk 0:02:33]} 16. Nxe5
{[%clk 0:02:37]} Bxe5 {[%clk 0:02:34]} 17. Nf3 {[%clk 0:02:38]} Bg7
{[%clk 0:02:35]} 18. Qd3 {[%clk 0:02:36]} Bd7 {[%clk 0:02:29]} 19. e5
{[%clk 0:02:28]} Bf5 {[%clk 0:02:24]} 20. Qe3 {[%clk 0:02:30]} Qc7
{[%clk 0:02:17]} 21. Re2 {[%clk 0:02:01]} bxc3 {[%clk 0:02:11]} 22. bxc3
{[%clk 0:02:00]} Rb1+ {[%clk 0:01:49]} 23. Rxb1 {[%clk 0:02:01]} Bxb1
{[%clk 0:01:50]} 24. g4 {[%clk 0:01:24]} Qxa5 {[%clk 0:01:46]} 25. Rb2
{[%clk 0:01:21]} Qa1 {[%clk 0:01:24]} 26. Qc1 {[%clk 0:01:22]} Qa4
{[%clk 0:01:21]} 27. Bb5 {[%clk 0:01:19]} Qe4 {[%clk 0:01:19]} 28. Nd2
{[%clk 0:00:59]} Qxd5 29. Rxb1 Bxe5 {[%clk 0:01:20]} 30. Bf1 {[%clk 0:01:01]} Bf4
{[%clk 0:01:20]} 31. Rb2 {[%clk 0:01:02]} a5 {[%clk 0:01:16]} 32. Qc2
{[%clk 0:01:03]} a4 {[%clk 0:01:09]} 33. Bc4 {[%clk 0:01:04]} Qc6
{[%clk 0:01:04]} 34. Ra2 {[%clk 0:01:02]} Ra8 {[%clk 0:01:04]} 35. Qd3
{[%clk 0:01:02]} Bxd2 {[%clk 0:00:49]} 36. Qxd2 {[%clk 0:01:03]} e6
{[%clk 0:00:48]} 37. Bf1 {[%clk 0:00:59]} d5 {[%clk 0:00:48]} 38. c4
{[%clk 0:01:01]} a3 {[%clk 0:00:33]} 39. Bg2 {[%clk 0:00:57]} Qb6
{[%clk 0:00:11]} 40. cxd5 exd5 41. Qxd5 {[%clk 0:00:53]} Rd8 {[%clk 0:00:11]} 42.
Qc4 {[%clk 0:00:47]} Rd1+ {[%clk 0:00:08]} 43. Bf1 {[%clk 0:00:48]} Qb4
{[%clk 0:00:09]} 44. Qe2 {[%clk 0:00:44]} Rb1 {[%clk 0:00:08]} 45. Rd2
{[%clk 0:00:41]} Qc3 {[%clk 0:00:05]} 46. Rd8+ Kg7 47. Qe8 {[%clk 0:00:40]} Kh6
{[%clk 0:00:05]} 48. h4 {[%clk 0:00:41]} a2 {[%clk 0:00:03]} 49. Qf8+
{[%clk 0:00:40]} Qg7 {[%clk 0:00:04]} 50. g5+ {[%clk 0:00:42]} Kh5
{[%clk 0:00:05]} 51. Qxg7 {[%clk 0:00:43]} a1=Q {[%clk 0:00:06]} 52. Qxa1
{[%clk 0:00:40]} Rxa1 {[%clk 0:00:07]} 53. Rc8 {[%clk 0:00:41]} Rc1
{[%clk 0:00:07]} 54. Rc7 {[%clk 0:00:40]} Kxh4 {[%clk 0:00:05]} 55. Rxf7
{[%clk 0:00:39]} c4 {[%clk 0:00:04]} 56. Rxh7+ {[%clk 0:00:38]} Kxg5
{[%clk 0:00:05]} 57. Kg2 {[%clk 0:00:40]} c3 {[%clk 0:00:06]} 58. Rc7
{[%clk 0:00:38]} Kf4 {[%clk 0:00:07]} 59. Bd3 {[%clk 0:00:39]} g5
{[%clk 0:00:08]} 60. Rc4+ {[%clk 0:00:39]} Ke5 {[%clk 0:00:08]} 61. Kf3
{[%clk 0:00:38]} Kd5 {[%clk 0:00:06]} 62. Ke2 {[%clk 0:00:36]} Ke5
{[%clk 0:00:04]} 63. Rc5+ {[%clk 0:00:34]} Kd4 {[%clk 0:00:03]} 64. Rc4+
{[%clk 0:00:33]} Kd5 {[%clk 0:00:04]} 65. Rg4 {[%clk 0:00:29]} c2
{[%clk 0:00:03]} 66. Kd2 {[%clk 0:00:28]} Ra1 {[%clk 0:00:03]} 67. Rxg5+ Kd4 68.
Rg4+ {[%clk 0:00:28]} Ke5 {[%clk 0:00:06]} 69. Bxc2 {[%clk 0:00:29]} 1-0

[Event "Blitz 2018"]
[Site "Saint-Petersburg"]
[Date "2018.12.30"]
[Round "14"]
[Board "77"]
[White "Geller Jakov (RUS)"]
[Black "Apryshko Gleb (RUS)"]
[Result "1-0"]
[LiveChessVersion "1.4.8"]
[BlackElo "2416"]
[WhiteElo "2528"]

1. e4 {[%clk 0:03:02]} d5 {[%clk 0:03:04]} 2. exd5 {[%clk 0:03:03]} Qxd5
{[%clk 0:03:04]} 3. Nc3 {[%clk 0:03:03]} Qa5 {[%clk 0:03:06]} 4. Bc4
{[%clk 0:03:04]} Nf6 {[%clk 0:03:06]} 5. d3 {[%clk 0:03:04]} Bg4 {[%clk 0:02:47]}
6. Nge2 {[%clk 0:03:03]} Nc6 {[%clk 0:02:41]} 7. f3 {[%clk 0:03:03]} Bh5
{[%clk 0:02:40]} 8. Bd2 {[%clk 0:03:02]} Qc5 {[%clk 0:02:25]} 9. g4
{[%clk 0:02:43]} Ne5 {[%clk 0:01:34]} 10. Bb5+ {[%clk 0:02:20]} c6
{[%clk 0:01:35]} 11. Rf1 {[%clk 0:02:18]} Nxf3+ {[%clk 0:01:01]} 12. Rxf3
{[%clk 0:02:17]} Bxg4 {[%clk 0:01:03]} 13. Be3 {[%clk 0:01:12]} Qe5
{[%clk 0:00:39]} 14. d4 {[%clk 0:01:06]} Qxh2 {[%clk 0:00:37]} 15. Rxf6
{[%clk 0:00:32]} exf6 {[%clk 0:00:28]} 16. Bd3 {[%clk 0:00:29]} Bb4
{[%clk 0:00:29]} 17. Kd2 {[%clk 0:00:29]} O-O-O {[%clk 0:00:18]} 18. Qf1
{[%clk 0:00:23]} Qc7 {[%clk 0:00:07]} 19. a3 {[%clk 0:00:22]} Bd6
{[%clk 0:00:08]} 20. d5 {[%clk 0:00:17]} Kb8 {[%clk 0:00:06]} 21. dxc6
{[%clk 0:00:17]} Qxc6 {[%clk 0:00:06]} 22. Re1 {[%clk 0:00:16]} Rhe8
{[%clk 0:00:06]} 23. Nd4 {[%clk 0:00:15]} Qc8 {[%clk 0:00:04]} 24. Ndb5
{[%clk 0:00:10]} Bg3 {[%clk 0:00:04]} 25. Bf4+ {[%clk 0:00:10]} Bxf4+
{[%clk 0:00:04]} 26. Qxf4+ {[%clk 0:00:10]} Re5 {[%clk 0:00:04]} 27. Rxe5
{[%clk 0:00:10]} fxe5 {[%clk 0:00:05]} 28. Qxe5+ {[%clk 0:00:11]} Ka8
{[%clk 0:00:06]} 29. Nc7+ {[%clk 0:00:11]} Kb8 {[%clk 0:00:08]} 30. Ne6+
{[%clk 0:00:12]} Ka8 {[%clk 0:00:09]} 31. Nxd8 {[%clk 0:00:13]} Qxd8
{[%clk 0:00:09]} 32. Qxg7 {[%clk 0:00:13]} h5 {[%clk 0:00:08]} 33. Qxf7
{[%clk 0:00:08]} Qg5+ {[%clk 0:00:10]} 34. Ke1 {[%clk 0:00:07]} Qe3+
{[%clk 0:00:04]} 35. Ne2 {[%clk 0:00:08]} a6 {[%clk 0:00:03]} 36. Qf8+
{[%clk 0:00:09]} 1-0

[Event "Blitz 2018"]
[Site "Saint-Petersburg"]
[Date "2018.12.30"]
[Round "14"]
[Board "78"]
[White "Bocharov Dmitry (RUS)"]
[Black "Kobo Ori (ISR)"]
[Result "1-0"]
[LiveChessVersion "1.4.8"]
[BlackElo "2401"]
[WhiteElo "2517"]

1. Nf3 {[%clk 0:03:02]} d5 {[%clk 0:03:03]} 2. g3 {[%clk 0:03:02]} g6
{[%clk 0:03:04]} 3. Bg2 {[%clk 0:02:58]} Bg7 {[%clk 0:03:05]} 4. c4
{[%clk 0:02:59]} dxc4 {[%clk 0:03:03]} 5. Na3 {[%clk 0:02:59]} Nc6
{[%clk 0:02:52]} 6. Nxc4 {[%clk 0:02:58]} e5 {[%clk 0:02:53]} 7. O-O
{[%clk 0:02:57]} e4 {[%clk 0:02:24]} 8. Ne1 {[%clk 0:02:58]} Nf6 {[%clk 0:02:25]}
9. b3 {[%clk 0:02:59]} O-O {[%clk 0:02:18]} 10. Bb2 {[%clk 0:03:00]} Re8
{[%clk 0:02:18]} 11. d3 {[%clk 0:03:00]} Bf5 {[%clk 0:02:10]} 12. Rc1
{[%clk 0:02:58]} exd3 {[%clk 0:02:07]} 13. Nxd3 {[%clk 0:02:58]} Qe7
{[%clk 0:01:41]} 14. Nf4 {[%clk 0:02:41]} Rad8 {[%clk 0:01:41]} 15. Qe1
{[%clk 0:02:42]} Nd4 {[%clk 0:01:33]} 16. e3 {[%clk 0:02:24]} Nc2
{[%clk 0:01:15]} 17. Qe2 {[%clk 0:02:12]} Nb4 {[%clk 0:01:13]} 18. Rcd1
{[%clk 0:01:45]} g5 {[%clk 0:01:09]} 19. a3 {[%clk 0:01:32]} gxf4
{[%clk 0:00:53]} 20. axb4 {[%clk 0:01:32]} fxe3 {[%clk 0:00:46]} 21. Nxe3
{[%clk 0:01:30]} Be6 {[%clk 0:00:35]} 22. Rxd8 {[%clk 0:01:30]} Rxd8
{[%clk 0:00:36]} 23. Nf5 {[%clk 0:01:28]} Qxb4 {[%clk 0:00:12]} 24. Nxg7
{[%clk 0:01:26]} Rd2 {[%clk 0:00:13]} 25. Qe5 {[%clk 0:01:05]} Ng4
{[%clk 0:00:07]} 26. Qc3 {[%clk 0:00:54]} Qxc3 {[%clk 0:00:08]} 27. Bxc3
{[%clk 0:00:55]} Rc2 {[%clk 0:00:09]} 28. Nxe6 {[%clk 0:00:55]} Rxc3
{[%clk 0:00:09]} 29. Nd4 {[%clk 0:00:51]} c5 {[%clk 0:00:10]} 30. Nf5
{[%clk 0:00:52]} Rxb3 {[%clk 0:00:10]} 31. Rd1 {[%clk 0:00:53]} h5
{[%clk 0:00:11]} 32. Rd8+ {[%clk 0:00:38]} Kh7 {[%clk 0:00:12]} 33. Bd5
{[%clk 0:00:39]} Rb1+ {[%clk 0:00:10]} 34. Kg2 {[%clk 0:00:40]} Rb2
{[%clk 0:00:12]} 35. Be4 {[%clk 0:00:39]} Nxf2 {[%clk 0:00:10]} 36. Kf3
{[%clk 0:00:35]} Nxe4 {[%clk 0:00:10]} 37. Kxe4 {[%clk 0:00:36]} Kg6
{[%clk 0:00:05]} 38. Ne7+ {[%clk 0:00:18]} Kf6 {[%clk 0:00:05]} 39. Nd5+
{[%clk 0:00:18]} Kg7 {[%clk 0:00:06]} 40. h4 {[%clk 0:00:16]} b5 {[%clk 0:00:07]}
41. Nf4 {[%clk 0:00:17]} c4 {[%clk 0:00:04]} 42. Nxh5+ {[%clk 0:00:18]} Kh7
{[%clk 0:00:06]} 43. Rc8 {[%clk 0:00:17]} a5 {[%clk 0:00:05]} 44. g4
{[%clk 0:00:16]} a4 {[%clk 0:00:07]} 45. g5 {[%clk 0:00:17]} a3 {[%clk 0:00:04]}
46. Nf6+ {[%clk 0:00:17]} 1-0